000 01209nam a22002777a 4500
005 20240530110348.0
008 141211s2010 su f f 000 0 ara d
017 _a1990/5908
_bمصر . دار الكتب المصرية
020 _a9772580030
040 _aEG-CaGPL
041 0 _aara
082 0 4 _221
_a634\
_bت ب
100 1 _aتشاندلر ، وليام هنرى
245 1 0 _aبساتين الفاكهة المتساقطة الاوراق =Deciduous Orchards /
_bتاليف وليام هنرى تشاندلر ؛ ترجمة كمال الدين محمد عبدالله ... [ وأج . ]
250 _aط3
260 _aالقاهرة :
_bالدار العربية للنشر والتوزيع ،
_c2010
300 _a596 ص :
_bصور ؛
_c24 سم
650 0 4 _aالبساتين
650 0 4 _aالفاكهة المتساقطة الاوراق
700 0 _aكمال الدين محمد عبدالله
_eمترجم
700 0 _aعبداللة محمود محسن
_eمترجم مشارك
700 0 _aجميل فهيم سوريال
_eمترجم مشارك
700 0 _aمحمد احمد مليجى
_eمترجم مشارك
942 _2ddc
_cBK
999 _c60008
_d60008